000 00944nam a22002535i 4500
001 163479
003 ES-MaACL
005 20230906212740.0
008 960513s18801890sp a |||| | spa d
040 _aCLM
_bspa
_cCLM
080 _a623.4(091)
100 1 _aRibot y March, Genaro.
_996842
245 1 4 _aLos medios de destrucción
_b: reseña histórica semi-original /
_cpor D. Genaro Ribot y March.
260 _aMadrid :
_bImprenta de Gaspar Editores,
_c[s.a.]
300 _a186 p. : il. ;
_c18 cm.
490 1 _aBiblioteca científica recreativa ;
_v3
596 _aOtros vols. de la misma colección fechados entre 1880-1890.
597 _aAntep.
599 _aIlustraciones calc.
650 4 _aArmamento-
_xHistoria.
_9147245
830 0 _aBiblioteca científica recreativa ;
_v3
_9187913
852 _aES-MaACL
_jD-713
_z-- Enc. hol. conservando la cub. original
_q-- Falta desde la pag. 176 al final
999 _c163479
_d163479